000 01053nam a22002537a 4500
005 20240530110357.0
008 150113s2009 ua g 000 0 ara d
017 _a2009/1935
_bمصر . دار الكتب المصرية
020 _a977313279x
040 _aEG-CaGPL
041 0 _aara
082 0 4 _221
_a320.1253\
_bس ن
100 0 _aسها عيد رجب
245 1 0 _aنزاعات الحدود فى العالم العربى :
_bمن نهايات القرن العشرين الى بدايات القرن الواحد و العشرين /
_cاعداد و تحرير سها عيد رجب
250 _aط 1
260 _aالقاهرة :
_bمركز المحروسة للنشر ،
_c2009
300 _a424 ص ؛
_c24 سم
650 0 4 _aنزاعات الحدود
650 0 4 _aنزاعات الحدود
_zالعالم العربى
651 0 4 _aمصر
_xالحدود السياسية
_zالسودان
651 0 4 _aاليمن
_xالحدود الساسية
_zالسعودية
942 _2ddc
_cBK
999 _c60188
_d60188